ბათუმის შოთა რუსთაველის სახელმწიფო უნივერსიტეტის ბიბლიოთეკა

სალიტერატურო–სამეცნიერო კვლევანი და ესეისტური წერილები (ბიბ.ჩანაწერი № 41862)

000 -LEADER
fixed length control field 00834nam a2200205Ia 4500
001 - CONTROL NUMBER
control field 8545
003 - CONTROL NUMBER IDENTIFIER
control field GE_BSU
008 - FIXED-LENGTH DATA ELEMENTS--GENERAL INFORMATION
fixed length control field 181216s||||||||xx |||||||||||||| ||und||
020 ## - INTERNATIONAL STANDARD BOOK NUMBER
International Standard Book Number 9789657478837
040 ## - CATALOGING SOURCE
Transcribing agency GE_BSU
080 ## - UNIVERSAL DECIMAL CLASSIFICATION NUMBER
Universal Decimal Classification number 821.353.1-4
100 ## - MAIN ENTRY--PERSONAL NAME
Personal name თეთრუაშვილი,ლეილა
245 ## - TITLE STATEMENT
Title სალიტერატურო–სამეცნიერო კვლევანი და ესეისტური წერილები
245 ## - TITLE STATEMENT
Statement of responsibility, etc. წინასიტყვ. ლია თაკვარელია
260 ## - PUBLICATION, DISTRIBUTION, ETC.
Place of publication, distribution, etc. თბილისი
260 ## - PUBLICATION, DISTRIBUTION, ETC.
Date of publication, distribution, etc. 2013
300 ## - PHYSICAL DESCRIPTION
Extent 356გვ. 21სმ.
653 ## - INDEX TERM--UNCONTROLLED
Uncontrolled term სალიტერატურო–სამეცნიერო კვლევანი და ესეისტური წერილები
942 ## - ADDED ENTRY ELEMENTS (KOHA)
Koha item type წიგნი
ეგზემპლარები
Withdrawn status Lost status Damaged status Not for loan Date acquired Barcode Date last seen Price effective from Koha item type
        2018-12-17 30884 2018-12-17 2018-12-17 წიგნი